00530nmm a2200169Ia 4500008004100000020001500041041000800056100004000064245003300104264004400137300001800181490007200199650001400271856005100285942000700336999001700343251105s9999||||xx |||||||||||||||||und|| a8476587953 aspa aGonzález Alcantud, José Antonio 0aEl orientalismo desde el Sur a[Madrid, España] :bAnthropos, c2006 a374 páginas aPensamiento crítico / Pensamiento utópico: crítica y utopía aSociology uhttps://public.digitaliapublishing.com/a/13581 cCF c73381d73381